000 00848nam a2200289Ia 4500
003 OSt
005 20220912150837.0
006 a|||||r|||| 00| 0
007 ta
008 220909b |||||||| |||| 00| 0 eng d
020 _a0716725606^bpbk
024 _a3891
037 _bPanima,
037 _cTextual
040 _aCSL
_beng
_cCSL
041 _aeng
082 _aE9G, N5;1
100 _aGumport Richard I^eand REFs
245 0 _aStudent companion for Stryer's biochemistry by Richard I Gumport and REFs
250 _aEd 4
260 _aNew York
_b W H Freeman and Company
_c1995
300 _axi,795p
500 _aGlossary 775-795p; ^mPurchase^n23/CSL/Gen/96-97/3433^d1996-03-25
650 _aBiochemistry
942 _hE9G, N5;1
_cTEXL
_2CC
999 _c56047
_d56047